| 000 | 00693nam a22002057a 4500 | ||
|---|---|---|---|
| 003 | OSt | ||
| 005 | 20250730010523.0 | ||
| 008 | 250730b |||||||| |||| 00| 0 eng d | ||
| 020 | _a9789810697815 | ||
| 040 |
_aDWCL-Main lib _cOC |
||
| 082 | _aCirc. 515 B216c 2010 | ||
| 100 | _aBarnett, Raymond A. | ||
| 245 |
_aCalculus for business, economics, life sciences, and social sciences/ _cRaymond A. Barnett |
||
| 250 | _aTwelfth edition | ||
| 260 |
_aSingapore : _bPearson Education South Asia, _cc2010. |
||
| 300 |
_axx, 602 pages (various pagings) : _b illustrations ; _c26 cm. |
||
| 504 | _aIncludes index. | ||
| 650 | _a1. Calculus. | ||
| 942 |
_2ddc _cBK-CIRC _eTwelfth edition _kCirc. _n0 |
||
| 999 |
_c3872 _d3872 |
||